Statistics for 2022 Nebraska Football Roster

Click here to take the quiz!

General Stats

  • This quiz has been taken 23 times
  • The average score is 36 of 151

Answer Stats

PositionPlayer Name% Correct
QBCasey Thompson
87%
QBChubba Purdy
80%
WRTaveon Thompson
80%
WRTrey Palmer
80%
QBLogan Smothers
73%
RBAnthony Grant
67%
RBEmmett Johnson
67%
DBJalil Martin
67%
WROliver Martin
67%
RBRahmir Johnson
67%
DBTyreke Johnson
67%
QBHeinrich Haarberg
60%
LBLuke Reimer
60%
RBGabe Ervin Jr.
53%
EdgeGarrett Nelson
53%
RBJaquez Yant
53%
WRMarcus Washington
53%
DBMyles Farmer
53%
LBNick Henrich
53%
WRAlante Brown
47%
DLMosai Newsom
47%
EdgeOchaun Mathis
47%
DBOmar Brown
47%
TEThomas Fidone II
47%
WRTruitt Robinson
47%
DLTy Robinson
47%
RBAjay Allen
40%
WRElliott Brown
40%
QBMatt Masker
40%
QBRichard Torres
40%
DBTommi Hill
40%
TETravis Vokolek
40%
OLTurner Corcoran
40%
WRBrody Belt
33%
DBMarques Buford Jr.
33%
WROmar Manning
33%
DEBlaise Gunnerson
27%
DBBlake Miller
27%
DBBraxton Clark
27%
PBrian Buschini
27%
OLBryce Benhart
27%
EdgeCaleb Tannor
27%
WRDecoldest Crawford
27%
OLEthan Piper
27%
OLEzra Miller
27%
NickIsaac Gifford
27%
DBKaine Williams
27%
OLKevin Williams JR
27%
DBMalcolm Hartzog
27%
DBQuinton Newsome
27%
OLTeddy Prochazka
27%
WRTy Hahn
27%
WRAlex Bullock
20%
DBAshton Hausmann
20%
DLColton Feist
20%
QBCooper Hausmann
20%
DBDeShon Singleton
20%
LBErnest Hausmann
20%
OLIan Boerkircher
20%
NickJohn Bullock
20%
TENate Boerkircher
20%
DBNoa Pola-Gates
20%
LBRandolph Kpai
20%
DLStephon Wynn
20%
PKTimmy Bleakrod
20%
WRVictor Jones Jr.
20%
WRWyatt Liewer
20%
RBZach Weinmaster
20%
RBAiden Young
13%
TEAJ Rollins
13%
WRBarron Miles Jr.
13%
LSBrady Weas
13%
OLBrant Banks
13%
KOSBrendan Franke
13%
OLBroc Bando
13%
LSCade Mueller
13%
LSCamden Witucki
13%
LSCameron Pieper
13%
TEChancellor Brewington
13%
TEChase Androff
13%
PKChase Contreraz
13%
TEChris Hickman
13%
NickChris Kolarevic
13%
RBCooper Jewett
13%
DBDarius Moore
13%
DLDevin Drew
13%
OLDylan Parrott
13%
PKGabe Heins
13%
NickGage Stenger
13%
LBGarrett Snodgrass
13%
NickGrant Buda
13%
PGrant Detlefsen
13%
OLHunter Anthony
13%
RBIsaiah Harris
13%
DLJacob Herbek
13%
DLJailen Weaver
13%
EdgeJake Appleget
13%
LBJake Archer
13%
TEJames Carnie
13%
WRJaniran Bonner
13%
QBJarrett Synek
13%
DBJavier Morton
13%
NickJavin Wright
13%
EdgeJimari Butler
13%
TEJohn Goodwin
13%
OLKeegan Menning
13%
TELuke Lindenmeyer
13%
DLMarquis Black
13%
OLMichael Lynn
13%
LBMikai Gbayor
13%
QBMikey Pauley
13%
DLNash Hutmacher
13%
OLNoah Stafursky
13%
OLNouredin Nouili
13%
DLRu'Quan Buckley
13%
OLSam Hoskinson
13%
EdgeSimon Otte
13%
PKSpencer Pankratz
13%
OLTrent Hixson
13%
OLAlex Conn
7%
RBBeau Psencik
7%
OLBeau Schaller
7%
DBBlake Closman
7%
EdgeBraden Klover
7%
TEBrodie Tagaloa
7%
PKCharlie Weinrich
7%
DBChristian Lilienkamp
7%
DBDerek Branch
7%
OLEli Simonson
7%
LBEteva Mauga-Clements
7%
TEEvan Meyersick
7%
LBGrant Tagge
7%
OLHenry Lutovsky
7%
WRIsaiah Garcia-Castaneda
7%
PJacob Hohl
7%
DBJaeden Gould
7%
OLJoey Mancino
7%
OLJustin Evans-Jenkins
7%
WRKamonte Grimes
7%
DBKoby Bretz
7%
RBMatthew Schuster
7%
DBMichael Booker III
7%
DBPhalen Sanford
7%
OLRiley Moses
7%
WRRoman Mangini
7%
EdgeRyan Schommer
7%
LBSeth Malcom
7%
WRShawn Hardy II
7%
DBTamon Lynum
7%
RBTrevin Luben
7%
RBMarkese Stepp
0%

Score Distribution

Percentile by Number Answered

Percent of People with Each Score

Your Score History

You have not taken this quiz